Responses for show #7519 - Thursday, April 27, 2017

Alan Lin game 4.

Contestants

Troy Steinmetz, a fundraising manager from Santa Clara, California

Jennifer Fuquay, a stay-at-home mom from San Antonio, Texas

Alan Lin, a software engineer from Santa Barbara, California (whose 3-day cash winnings total $64,800)

Jeopardy! Round responses

FROM PAGE TO SCREEN
OLD JOBS
KINDA SCIENCEY
CAKE TALK
SPORTS
NOT ON THE PERIODIC TABLE
(Alex: Even though each correct response will end in "um.")
    $200 9
Dan Brown

Alan
    $200 4
roofs

Troy
    $200 13
hurricanes

Troy
    $200 14
(Troy: What is chocolate mousse?)

meringue

JenniferTroy
    $200 8
Ryan Lochte

Troy
    $400 10
Fitzgerald

Troy
    $400 5
auctioneering

Alan
    $400 26
(Alan: What is the mother lode?)

pay dirt

AlanTroy
    $400 22
cheesecake

Alan
    $400 1
(Troy: Who is Jabbar?)

Bill Russell

Troy
Triple Stumper
    $400 18
momentum

Alan
    $600 15
(Cormac) McCarthy

Alan
    $600 6
the milkman

Troy
    $600 27
(Alan: What is chaos?)

entropy

AlanTroy
    $600 23
(Alex: Less than a minute.)

Bundt cake

Alan
    $600 3
(Calvin) Johnson

Troy
    $600 19
medium

Troy
    $800 16
The Exorcist

Jennifer
    $800 11
horseshoeing

Alan
    $800 28
[The end-of-round signal sounds.]

fatty

Triple Stumper
    $800 24
red velvet

Alan
    $800 2
the University of Kentucky

Troy
    $800 20
a sanitarium

Alan
    $1000 17
Jane Austen

Alan
    $1,400 12
arrows

Alan
    $1000 25
marzipan

Troy
    $1000 7
Tennessee

Troy
    $1000 21
a plectrum

Alan

Scores at the first commercial break (after clue 13):

Alan Jennifer Troy
$2,800 $0 $3,600

Scores at the end of the Jeopardy! Round:

Alan Jennifer Troy
$7,400 $1,000 $6,000

Double Jeopardy! Round responses

ROMAN BRITAIN
A TV GUIDE
REGARDING HENRY
4-SYLLABLE WORDS
"O" BEHAVE!
ALMOST THERE TO THE STATE CAPITAL
    $400 9
Hadrian

Troy
    $400 1
vampires

Alan
    $400 4
Oedipus complex

Alan
    $400 24
(Alex: Less than a minute now.)

Nashville

Alan
    $800 14
(Troy: Who is Attila the Hun?)
(Jennifer: Who is Hannibal?)
(Alan: Who is Caesar?)
(Alex: Which one?)

Julius Caesar

AlanJenniferTroy
    $800 2
a bat

Troy
    $800 28
[The end-of-round signal sounds.]

Heimlich

Troy
    $800 10
constituents

Troy
    $800 5
OCD

Troy
    $800 23
Charleston

Jennifer
    $1200 15
Augustus

Triple Stumper
    $1200 3
The Night Of

Triple Stumper
    $1200 27
Henry Clay

Alan
    $1200 11
hypothesis

Alan
    $1200 6
oral

Alan
    $1200 18
Harrisburg

Troy
    $1600 16
Druids

Jennifer
    $1600 21
American Crime

Troy
    $2,000 26
(Alan: Uh, who is, uh, Henry the Navigator?)

Henry Morton Stanley

Alan
    $1600 12
(Jennifer: What is adjacent?)

semidetached

Jennifer
Triple Stumper
    $1600 7
observer bias

Alan
    $5,000 19
(Troy: What are... can't find it. Sorry.)

Juneau, Alaska and Augusta, Maine

Troy
    $2000 17
Glastonbury

Troy
    $2000 22
Julien

Triple Stumper
    $2000 25
Henry Hill

Triple Stumper
    $2000 13
an appellation

Triple Stumper
    $2000 8
object permanence

Alan
    $2000 20
Indianapolis and Annapolis

Jennifer

Scores at the end of the Double Jeopardy! Round:

Alan Jennifer Troy
$14,600 $3,000 $8,600

[wagering suggestions for these scores]

Final Jeopardy! Round responses

TOYS
JenniferWhat is
$3,000
TroyWhat is the Rubik's Cube?
$6,001
AlanWhat is a Rubik's Cube
$5,000
Rubik's Cube

Final scores:

Alan Jennifer Troy
$19,600 $0 $14,601
4-day champion: $84,400 3rd place: $1,000 2nd place: $2,000

Game dynamics:

Coryat scores:

Alan Jennifer Troy
$16,200 $3,000 $13,600
21 R
(including 1 DD),
3 W
(including 1 DD)
5 R,
2 W
20 R,
4 W
(including 1 DD)

Combined Coryat: $32,800

The J! Archive is created by fans, for fans. The Jeopardy! game show and all elements thereof, including but not limited to copyright and trademark thereto, are the property of Jeopardy Productions, Inc. and are protected under law. This website is not affiliated with, sponsored by, or operated by Jeopardy Productions, Inc. Join the discussion at JBoard.tv.